Datum a čas kvízu
15
Celkem bodů
Celkový počet nahraných bodů na tomto kvízu bez doplňovacích otázek.
12.
Pořadí na kvízu
Konečné umístění týmu na tomto kvízu.
Zaznamenané odpovědi
| # | Otázka | Odpověď | Body | Výsledky |
|---|---|---|---|---|
| 0. | Na jednom místě České republik... | 1 | ||
| 2. | Přes město Lake Worth na Flori... | 0 | ||
| 3. | Minulý týden měl premiéru dalš... | 0 | ||
| 4. | Od příštího roku by mohla z te... | 0 | ||
| 5. | Jak se jmenuje brankář fotbalo... | 0 | ||
| 6. | Když potká sob soba, mají rado... | 1 | ||
| 7. | O kterém pivu tvrdí reklamní s... | 0 | ||
| 8. | Který alkoholický nápoj je dle... | 1 | ||
| 9. | Která česká modelka je v souča... | 1 | ||
| 10. | Velkopopovický Kozel je značka... | 0 |